000 00339nam a22001577a 4500
999 _c10473
_d10473
003 OSt
008 210222b ||||| |||| 00| 0 eng d
020 _a9789352605224
100 _aKAMAL,Raj
245 _aInternet of Things
250 _a5th
260 _aNew Delhi
_bTMH
_c2019
300 _a532
650 _aMCA
942 _2ddc
_cBK
_08